[Event "DEM U14 2019"]
[Site "Willingen GER"]
[Date "2019.06.15"]
[Round "9"]
[White "Kosev, Momchil"]
[Black "Farokhi, Keyvan"]
[Result "1/2-1/2"]
[Termination "normal"]
[Board "10"]
[WhiteElo "1827"]
[BlackElo "1963"]
[WhiteClock "00:16:04"]
[BlackClock "00:20:21"]
[PlyCount "69"]
[WhiteFideId "12975982"]
[BlackFideId "12998630"]
[EventCountry "GER"]
[EventRounds "9"]
[EventType "swiss"]
[EventDate "2019.06.08"]

1. Nf3 {[%clk 1:30:59]} 1... g6 {[%clk 1:30:51]} 2. g3 {[%clk 1:31:24]} 2...
Bg7 {[%clk 1:31:16]} 3. Bg2 {[%clk 1:31:50]} 3... Nf6 {[%clk 1:31:30]} 4. O-O {
[%clk 1:32:12]} 4... O-O {[%clk 1:31:56]} 5. d3 {[%clk 1:32:07]} 5... d5 {
[%clk 1:31:09]} 6. Nbd2 {[%clk 1:32:05]} 6... b6 {[%clk 1:30:33]} 7. e4 { [%clk
1:24:24]} 7... e6 {[%clk 1:29:38]} 8. Re1 {[%clk 1:22:06]} 8... Bb7 { [%clk
1:25:03]} 9. e5 {[%clk 1:19:40]} 9... Nfd7 {[%clk 1:25:23]} 10. Nf1 { [%clk
1:18:24]} 10... c5 {[%clk 1:21:27]} 11. h4 {[%clk 1:18:08]} 11... Qc7 { [%clk
1:19:20]} 12. Bf4 {[%clk 1:18:28]} 12... Nc6 {[%clk 1:19:11]} 13. Qe2 { [%clk
1:18:25]} 13... Rae8 {[%clk 1:10:46]} 14. N1h2 {[%clk 1:09:20]} 14... Qc8
{[%clk 1:06:56]} 15. c4 {[%clk 1:04:50]} 15... f6 {[%clk 0:56:00]} 16. exf6 {
[%clk 1:03:28]} 16... Nxf6 {[%clk 0:54:02]} 17. Bd6 {[%clk 1:01:16]} 17... Rf7
{[%clk 0:53:13]} 18. Bh3 {[%clk 1:00:18]} 18... Qd8 {[%clk 0:47:11]} 19. Be5 {
[%clk 0:40:44]} 19... Nxe5 {[%clk 0:44:35]} 20. Nxe5 {[%clk 0:37:53]} 20...
Rfe7 {[%clk 0:44:39]} 21. Rad1 {[%clk 0:32:23]} 21... Nd7 {[%clk 0:33:06]} 22.
Nhf3 {[%clk 0:29:18]} 22... Nxe5 {[%clk 0:33:17]} 23. Nxe5 {[%clk 0:29:42]}
23... d4 {[%clk 0:29:14]} 24. Bg2 {[%clk 0:27:53]} 24... Bxg2 {[%clk 0:29:29]}
25. Kxg2 {[%clk 0:28:20]} 25... Qd6 {[%clk 0:28:52]} 26. f4 {[%clk 0:26:08]}
26... Bxe5 {[%clk 0:24:08]} 27. Qxe5 {[%clk 0:24:01]} 27... Qc6+ { [%clk
0:23:21]} 28. Qe4 {[%clk 0:20:25]} 28... Qa4 {[%clk 0:20:39]} 29. a3 { [%clk
0:19:20]} 29... Qc2+ {[%clk 0:20:33]} 30. Qe2 {[%clk 0:19:37]} 30... Qb3 {[%clk
0:20:39]} 31. Rd2 {[%clk 0:19:28]} 31... e5 {[%clk 0:20:02]} 32. fxe5 { [%clk
0:19:32]} 32... Rxe5 {[%clk 0:20:14]} 33. Qxe5 {[%clk 0:19:52]} 33... Rxe5
{[%clk 0:20:37]} 34. Rxe5 {[%clk 0:20:19]} 34... Qa4 {[%clk 0:20:21]} 35. Re4
{[%clk 0:16:04]} 1/2-1/2

[Event "DEM U14 2019"]
[Site "Willingen GER"]
[Date "2019.06.15"]
[Round "9"]
[White "Tham, Nam"]
[Black "Chassard, Cedric"]
[Result "1/2-1/2"]
[Termination "normal"]
[Board "14"]
[WhiteElo "1993"]
[BlackElo "1772"]
[WhiteClock "01:09:28"]
[BlackClock "00:37:30"]
[PlyCount "55"]
[WhiteFideId "12997331"]
[BlackFideId "16243536"]
[EventCountry "GER"]
[EventRounds "9"]
[EventType "swiss"]
[EventDate "2019.06.08"]

1. e4 {[%clk 1:30:51]} 1... e6 2. d4 {[%clk 1:31:04]} 2... d5 {[%clk 1:31:18]}
3. Nc3 {[%clk 1:31:24]} 3... Nf6 {[%clk 1:31:38]} 4. e5 {[%clk 1:31:45]} 4...
Nfd7 {[%clk 1:32:06]} 5. f4 {[%clk 1:32:07]} 5... c5 {[%clk 1:32:30]} 6. Nf3 {
[%clk 1:32:33]} 6... Nc6 {[%clk 1:32:54]} 7. Be3 {[%clk 1:32:55]} 7... a6 {
[%clk 1:33:22]} 8. Qd2 {[%clk 1:32:00]} 8... b5 {[%clk 1:33:20]} 9. dxc5 9...
Bxc5 {[%clk 1:33:17]} 10. Bd3 {[%clk 1:31:23]} 10... Qb6 {[%clk 1:32:34]} 11.
Bf2 {[%clk 1:31:05]} 11... h6 {[%clk 1:26:52]} 12. O-O {[%clk 1:29:52]} 12...
Ra7 {[%clk 1:25:14]} 13. Rae1 {[%clk 1:27:41]} 13... Ne7 {[%clk 1:21:12]} 14.
Nh4 {[%clk 1:21:23]} 14... g6 {[%clk 1:17:42]} 15. Ne2 {[%clk 1:15:45]} 15...
Nf5 {[%clk 1:11:48]} 16. Nxf5 {[%clk 1:15:47]} 16... gxf5 {[%clk 1:10:35]} 17.
c3 {[%clk 1:16:06]} 17... Bxf2+ {[%clk 1:10:40]} 18. Rxf2 {[%clk 1:16:29]}
18... Nc5 {[%clk 1:10:13]} 19. Nd4 {[%clk 1:16:38]} 19... Bd7 {[%clk 0:50:52]}
20. Bb1 {[%clk 1:14:23]} 20... h5 {[%clk 0:49:28]} 21. Qe3 {[%clk 1:13:35]}
21... h4 {[%clk 0:48:48]} 22. Rf3 {[%clk 1:11:33]} 22... Ne4 {[%clk 0:41:30]}
23. Bxe4 {[%clk 1:11:12]} 23... dxe4 {[%clk 0:41:02]} 24. Rh3 {[%clk 1:10:28]}
24... Rc7 {[%clk 0:37:01]} 25. Qf2 {[%clk 1:08:52]} 25... b4 {[%clk 0:37:14]}
26. Rxh4 {[%clk 1:09:18]} 26... Rxh4 {[%clk 0:37:21]} 27. Qxh4 {[%clk 1:09:20]}
27... bxc3 {[%clk 0:37:30]} 28. Qh8+ {[%clk 1:09:28]} 1/2-1/2

[Event "DEM U14 2019"]
[Site "Willingen GER"]
[Date "2019.06.15"]
[Round "9"]
[White "Breß, Aaron"]
[Black "Simukov, Erik"]
[Result "0-1"]
[Termination "normal"]
[Board "15"]
[WhiteElo "1849"]
[BlackElo "1904"]
[WhiteClock "00:01:31"]
[BlackClock "00:04:30"]
[PlyCount "78"]
[WhiteFideId "12996432"]
[BlackFideId "12995380"]
[EventCountry "GER"]
[EventRounds "9"]
[EventType "swiss"]
[EventDate "2019.06.08"]

1. e4 {[%clk 1:30:54]} 1... e5 {[%clk 1:30:54]} 2. Nf3 {[%clk 1:31:18]} 2...
Nc6 {[%clk 1:31:17]} 3. Bb5 {[%clk 1:31:44]} 3... a6 {[%clk 1:31:30]} 4. Ba4 {
[%clk 1:32:09]} 4... Nf6 {[%clk 1:31:45]} 5. O-O {[%clk 1:32:32]} 5... Be7 {
[%clk 1:32:02]} 6. Re1 {[%clk 1:32:49]} 6... b5 {[%clk 1:32:22]} 7. Bb3 { [%clk
1:33:14]} 7... d6 {[%clk 1:32:32]} 8. c3 {[%clk 1:33:28]} 8... O-O { [%clk
1:32:38]} 9. h3 {[%clk 1:33:53]} 9... Nb8 {[%clk 1:31:53]} 10. d4 { [%clk
1:32:12]} 10... Nbd7 {[%clk 1:31:39]} 11. Nbd2 {[%clk 1:26:58]} 11... Bb7
{[%clk 1:31:19]} 12. Bc2 {[%clk 1:25:06]} 12... Re8 {[%clk 1:30:39]} 13. Nf1 {
[%clk 1:23:01]} 13... Bf8 {[%clk 1:30:46]} 14. Ng3 14... g6 {[%clk 1:30:57]}
15. Nh2 {[%clk 1:13:09]} 15... d5 {[%clk 1:29:12]} 16. dxe5 {[%clk 0:40:49]}
16... Nxe4 {[%clk 1:27:45]} 17. Nxe4 {[%clk 0:39:40]} 17... dxe4 { [%clk
1:28:09]} 18. Bxe4 {[%clk 0:39:04]} 18... Bxe4 {[%clk 1:28:28]} 19. Rxe4 {[%clk
0:39:15]} 19... Nxe5 {[%clk 1:23:30]} 20. Qxd8 {[%clk 0:31:35]} 20... Raxd8
{[%clk 1:22:06]} 21. Bg5 {[%clk 0:30:36]} 21... Nd3 {[%clk 1:14:42]} 22. Rxe8
{[%clk 0:18:57]} 22... Rxe8 {[%clk 1:13:15]} 23. Ng4 {[%clk 0:19:08]} 23... Bg7
{[%clk 0:46:37]} 24. Rd1 {[%clk 0:15:47]} 24... Re1+ {[%clk 0:45:39]} 25. Rxe1
{[%clk 0:16:07]} 25... Nxe1 {[%clk 0:46:03]} 26. Ne3 {[%clk 0:12:13]} 26... Nd3
{[%clk 0:45:51]} 27. Nd5 {[%clk 0:10:26]} 27... Nxb2 {[%clk 0:33:28]} 28. Nxc7
{[%clk 0:10:44]} 28... Na4 {[%clk 0:32:00]} 29. Nxa6 {[%clk 0:09:23]} 29...
Nxc3 {[%clk 0:30:41]} 30. Nc7 {[%clk 0:08:28]} 30... b4 {[%clk 0:30:53]} 31.
Na6 {[%clk 0:07:02]} 31... Bf8 {[%clk 0:28:39]} 32. Bf6 {[%clk 0:01:13]} 32...
Nxa2 {[%clk 0:28:56]} 33. Kf1 {[%clk 0:01:09]} 33... Bd6 {[%clk 0:05:21]} 34.
Ke1 {[%clk 0:01:15]} 34... Kf8 {[%clk 0:03:31]} 35. Kd1 {[%clk 0:01:19]} 35...
b3 {[%clk 0:03:40]} 36. Bd4 {[%clk 0:00:43]} 36... Ke8 {[%clk 0:03:50]} 37. Nc5
{[%clk 0:00:50]} 37... Bxc5 {[%clk 0:04:09]} 38. Bxc5 {[%clk 0:01:14]} 38... b2
{[%clk 0:04:30]} 39. Kc2 {[%clk 0:01:31]} 39... Nc3 0-1

[Event "DEM U14 2019"]
[Site "Willingen GER"]
[Date "2019.06.15"]
[Round "9"]
[White "Evering, Sören"]
[Black "Wang, Xinyuan"]
[Result "1-0"]
[Termination "normal"]
[Board "16"]
[WhiteElo "1879"]
[BlackElo "1709"]
[WhiteClock "00:01:38"]
[BlackClock "00:19:49"]
[PlyCount "79"]
[WhiteFideId "12974650"]
[BlackFideId "16221494"]
[EventCountry "GER"]
[EventRounds "9"]
[EventType "swiss"]
[EventDate "2019.06.08"]

1. e4 {[%clk 1:30:57]} 1... c5 {[%clk 1:30:50]} 2. Nf3 {[%clk 1:31:22]} 2... e6
{[%clk 1:31:14]} 3. d4 {[%clk 1:31:21]} 3... cxd4 {[%clk 1:31:16]} 4. Nxd4 {
[%clk 1:31:46]} 4... a6 {[%clk 1:31:40]} 5. Bd3 {[%clk 1:31:38]} 5... Qc7 {
[%clk 1:31:59]} 6. O-O {[%clk 1:31:15]} 6... Nf6 {[%clk 1:32:05]} 7. c4 { [%clk
1:30:22]} 7... b6 {[%clk 1:31:43]} 8. Nc3 {[%clk 1:30:12]} 8... Bb7 { [%clk
1:32:00]} 9. Be3 9... d6 {[%clk 1:30:21]} 10. Rc1 {[%clk 1:26:39]} 10... Nbd7
{[%clk 1:30:19]} 11. b4 {[%clk 1:24:23]} 11... Rc8 {[%clk 1:30:03]} 12. f4
{[%clk 1:22:42]} 12... Be7 {[%clk 1:28:49]} 13. Qf3 {[%clk 1:19:41]} 13... Qb8
{[%clk 1:22:51]} 14. Qg3 {[%clk 1:00:39]} 14... h5 {[%clk 1:16:14]} 15. f5 {
[%clk 0:46:31]} 15... e5 {[%clk 1:08:16]} 16. Nf3 {[%clk 0:45:40]} 16... Ng4 {
[%clk 1:06:38]} 17. Bg5 {[%clk 0:37:28]} 17... Bxg5 {[%clk 1:05:50]} 18. Nxg5 {
[%clk 0:37:47]} 18... Qa7 {[%clk 1:03:14]} 19. b5 {[%clk 0:26:38]} 19... Nc5 {
[%clk 0:59:14]} 20. Be2 {[%clk 0:24:24]} 20... Nf6 {[%clk 0:58:48]} 21. Rfd1 {
[%clk 0:23:43]} 21... Qb8 {[%clk 0:54:20]} 22. bxa6 {[%clk 0:19:52]} 22... Bxa6
{[%clk 0:53:45]} 23. Nd5 {[%clk 0:20:00]} 23... Nxd5 {[%clk 0:44:32]} 24. Rxd5
{[%clk 0:13:52]} 24... Bb7 {[%clk 0:43:55]} 25. Rdd1 {[%clk 0:14:20]} 25...
Nxe4 {[%clk 0:35:59]} 26. Nxe4 {[%clk 0:14:15]} 26... Bxe4 {[%clk 0:36:25]} 27.
Qxg7 {[%clk 0:13:31]} 27... Ke7 {[%clk 0:35:48]} 28. f6+ {[%clk 0:06:13]} 28...
Ke6 {[%clk 0:35:49]} 29. Bxh5 {[%clk 0:04:34]} 29... Rxh5 30. Qg4+ 30... Rf5 {
[%clk 0:30:42]} 31. Qxe4 {[%clk 0:05:32]} 31... Qa8 {[%clk 0:30:06]} 32. Rxd6+
{[%clk 0:05:22]} 32... Kxd6 {[%clk 0:30:29]} 33. Qxf5 {[%clk 0:05:47]} 33...
Qa3 {[%clk 0:20:03]} 34. Rd1+ {[%clk 0:06:03]} 34... Kc7 {[%clk 0:20:28]} 35.
Qxe5+ {[%clk 0:06:14]} 35... Kc6 {[%clk 0:19:58]} 36. Qd5+ {[%clk 0:04:19]}
36... Kc7 {[%clk 0:20:22]} 37. Qxf7+ {[%clk 0:04:23]} 37... Kb8 {[%clk 0:20:31]
} 38. Qe7 {[%clk 0:03:10]} 38... Qxa2 {[%clk 0:19:54]} 39. f7 {[%clk 0:02:55]}
39... Qc2 {[%clk 0:19:49]} 40. Ra1 {[%clk 0:01:38]} 1-0

[Event "DEM U14 2019"]
[Site "Willingen GER"]
[Date "2019.06.15"]
[Round "9"]
[White "Wellßow, Keoki"]
[Black "May, Ben-Iven"]
[Result "0-1"]
[Termination "normal"]
[Board "17"]
[WhiteElo "1509"]
[BlackElo "1692"]
[WhiteClock "00:22:49"]
[BlackClock "00:39:15"]
[PlyCount "96"]
[WhiteFideId "16251075"]
[BlackFideId "16229673"]
[EventCountry "GER"]
[EventRounds "9"]
[EventType "swiss"]
[EventDate "2019.06.08"]

1. c4 {[%clk 1:30:54]} 1... Nf6 {[%clk 1:30:54]} 2. g3 {[%clk 1:30:58]} 2... g6
{[%clk 1:31:19]} 3. Bg2 {[%clk 1:31:15]} 3... Bg7 {[%clk 1:31:44]} 4. Nc3 {
[%clk 1:31:00]} 4... O-O {[%clk 1:32:04]} 5. e3 {[%clk 1:30:31]} 5... d6 {
[%clk 1:32:28]} 6. Nge2 {[%clk 1:30:14]} 6... e5 {[%clk 1:32:45]} 7. O-O {
[%clk 1:29:01]} 7... Nbd7 {[%clk 1:32:38]} 8. d3 {[%clk 1:27:53]} 8... Ne8 {
[%clk 1:32:22]} 9. f4 {[%clk 1:26:11]} 9... f5 {[%clk 1:32:08]} 10. Bd2 { [%clk
1:24:01]} 10... c6 {[%clk 1:26:51]} 11. Qc2 {[%clk 1:20:07]} 11... Qc7 { [%clk
1:24:13]} 12. Rfc1 {[%clk 1:13:12]} 12... Nef6 {[%clk 1:18:23]} 13. Rab1 {[%clk
1:10:14]} 13... Re8 {[%clk 1:13:08]} 14. h3 {[%clk 0:51:32]} 14... Kh8 { [%clk
1:01:55]} 15. b4 {[%clk 0:49:07]} 15... exf4 {[%clk 1:00:38]} 16. exf4 { [%clk
0:44:09]} 16... a6 {[%clk 0:56:27]} 17. Kh2 {[%clk 0:38:51]} 17... h6 { [%clk
0:47:51]} 18. Re1 {[%clk 0:33:33]} 18... Nf8 {[%clk 0:45:49]} 19. Ng1 { [%clk
0:27:47]} 19... Bd7 {[%clk 0:45:59]} 20. Nf3 {[%clk 0:26:05]} 20... Re6 { [%clk
0:39:41]} 21. Rxe6 {[%clk 0:21:43]} 21... Nxe6 {[%clk 0:39:44]} 22. Be3 { [%clk
0:20:19]} 22... b5 {[%clk 0:37:00]} 23. cxb5 {[%clk 0:18:47]} 23... axb5 {[%clk
0:37:18]} 24. Rc1 {[%clk 0:11:03]} 24... Rc8 {[%clk 0:28:52]} 25. Qb3 { [%clk
0:05:02]} 25... Qb8 {[%clk 0:25:39]} 26. a3 {[%clk 0:02:55]} 26... Kh7 { [%clk
0:23:14]} 27. Kg1 {[%clk 0:01:49]} 27... Nh5 {[%clk 0:20:45]} 28. Kh2 { [%clk
0:01:13]} 28... d5 {[%clk 0:20:38]} 29. Bf2 {[%clk 0:00:33]} 29... g5 { [%clk
0:19:54]} 30. fxg5 {[%clk 0:00:38]} 30... hxg5 {[%clk 0:20:20]} 31. Re1 { [%clk
0:00:35]} 31... Bf6 {[%clk 0:15:57]} 32. Ne2 {[%clk 0:00:35]} 32... g4 { [%clk
0:15:57]} 33. Nfd4 {[%clk 0:00:34]} 33... Nxd4 {[%clk 0:15:40]} 34. Nxd4 {[%clk
0:00:47]} 34... Bxd4 {[%clk 0:16:05]} 35. Re7+ {[%clk 0:01:06]} 35... Kg6
{[%clk 0:14:58]} 36. Bxd4 {[%clk 0:00:55]} 36... Qxg3+ {[%clk 0:15:21]} 37. Kg1
{[%clk 0:01:02]} 37... gxh3 {[%clk 0:15:34]} 38. Qc2 {[%clk 0:00:56]} 38... Re8
{[%clk 0:13:31]} 39. Rxe8 {[%clk 0:00:37]} 39... Bxe8 {[%clk 0:13:50]} 40. Qe2
{[%clk 0:00:33]} 40... Qxg2+ {[%clk 0:14:05]} 41. Qxg2+ {[%clk 0:00:55]} 41...
hxg2 {[%clk 0:14:30]} 42. Kxg2 {[%clk 0:29:06]} 42... Nf4+ { [%clk 0:43:11]}
43. Kf3 {[%clk 0:28:24]} 43... Nxd3 {[%clk 0:39:16]} 44. Ke3 { [%clk 0:26:11]}
44... Ne1 {[%clk 0:39:35]} 45. Ke2 {[%clk 0:25:42]} 45... Ng2 { [%clk 0:39:01]}
46. Kf2 {[%clk 0:24:53]} 46... Nf4 {[%clk 0:39:15]} 47. Kf3 { [%clk 0:24:25]}
47... Ne6 {[%clk 0:39:30]} 48. Be3 {[%clk 0:22:49]} 48... f4 { [%clk 0:39:15]}
0-1

[Event "DEM U14 2019"]
[Site "Willingen GER"]
[Date "2019.06.15"]
[Round "9"]
[White "Röste, Hugo"]
[Black "Bornholdt, Joa Max"]
[Result "1/2-1/2"]
[Termination "normal"]
[Board "18"]
[WhiteElo "1466"]
[BlackElo "1754"]
[WhiteClock "00:29:18"]
[BlackClock "00:11:47"]
[PlyCount "65"]
[WhiteFideId "16247604"]
[BlackFideId "16253477"]
[EventCountry "GER"]
[EventRounds "9"]
[EventType "swiss"]
[EventDate "2019.06.08"]

1. d4 {[%clk 1:30:58]} 1... Nf6 {[%clk 1:30:59]} 2. c4 {[%clk 1:31:17]} 2... e6
{[%clk 1:31:25]} 3. Nf3 {[%clk 1:31:18]} 3... c5 {[%clk 1:31:44]} 4. Nc3 {
[%clk 1:30:24]} 4... cxd4 {[%clk 1:31:53]} 5. Nxd4 {[%clk 1:29:46]} 5... Bb4 {
[%clk 1:32:17]} 6. Qc2 {[%clk 1:28:58]} 6... Nc6 {[%clk 1:32:19]} 7. Nxc6 {
[%clk 1:27:32]} 7... bxc6 {[%clk 1:32:39]} 8. e3 {[%clk 1:27:03]} 8... O-O {
[%clk 1:32:30]} 9. Bd3 {[%clk 1:26:05]} 9... d5 {[%clk 1:32:34]} 10. O-O {
[%clk 1:25:26]} 10... Qe7 {[%clk 1:30:45]} 11. a3 {[%clk 1:23:30]} 11... Bd6 {
[%clk 1:27:27]} 12. b4 {[%clk 1:21:16]} 12... Bb8 {[%clk 1:05:11]} 13. cxd5 {
[%clk 1:14:37]} 13... cxd5 {[%clk 1:03:53]} 14. Bb2 {[%clk 1:13:09]} 14... Bb7
{[%clk 0:59:32]} 15. Be2 {[%clk 1:09:48]} 15... Qc7 {[%clk 0:53:38]} 16. g3 {
[%clk 1:00:49]} 16... Nd7 {[%clk 0:39:56]} 17. Rac1 {[%clk 0:57:23]} 17... Qd6
{[%clk 0:32:27]} 18. Nb5 {[%clk 0:53:18]} 18... Qe7 {[%clk 0:31:30]} 19. Qd2 {
[%clk 0:50:55]} 19... Ne5 {[%clk 0:29:23]} 20. Rc5 {[%clk 0:46:22]} 20... a6 {
[%clk 0:28:22]} 21. Nd4 {[%clk 0:45:38]} 21... Bd6 {[%clk 0:27:23]} 22. Rc2 {
[%clk 0:45:03]} 22... a5 {[%clk 0:21:05]} 23. Nb5 {[%clk 0:41:39]} 23... axb4 {
[%clk 0:21:25]} 24. Nxd6 {[%clk 0:41:43]} 24... Qxd6 {[%clk 0:21:54]} 25. Qxb4
{[%clk 0:41:28]} 25... Qxb4 {[%clk 0:21:36]} 26. axb4 {[%clk 0:41:39]} 26...
Ra2 {[%clk 0:19:42]} 27. Rfc1 {[%clk 0:41:30]} 27... Nc4 {[%clk 0:18:48]} 28.
Bd4 {[%clk 0:40:06]} 28... Rxc2 {[%clk 0:15:46]} 29. Rxc2 {[%clk 0:38:30]}
29... Rc8 {[%clk 0:15:01]} 30. Bc5 {[%clk 0:34:53]} 30... Ra8 {[%clk 0:14:59]}
31. f4 {[%clk 0:31:17]} 31... Ra1+ {[%clk 0:12:43]} 32. Kf2 {[%clk 0:30:55]}
32... Ba6 {[%clk 0:11:47]} 33. Bxc4 {[%clk 0:29:18]} 1/2-1/2

[Event "DEM U14 2019"]
[Site "Willingen GER"]
[Date "2019.06.15"]
[Round "9"]
[White "Divry, Alexandre"]
[Black "Elsner, Robert"]
[Result "0-1"]
[Termination "normal"]
[Board "19"]
[WhiteElo "1654"]
[BlackElo "1745"]
[WhiteClock "00:40:19"]
[BlackClock "01:06:50"]
[PlyCount "86"]
[WhiteFideId "16286006"]
[BlackFideId "16246390"]
[EventCountry "GER"]
[EventRounds "9"]
[EventType "swiss"]
[EventDate "2019.06.08"]

1. d4 {[%clk 1:30:58]} 1... Nf6 {[%clk 1:30:57]} 2. c4 {[%clk 1:31:27]} 2... g6
{[%clk 1:31:22]} 3. Nc3 {[%clk 1:31:53]} 3... Bg7 {[%clk 1:31:49]} 4. e4 {
[%clk 1:32:16]} 4... d6 {[%clk 1:32:17]} 5. Be2 {[%clk 1:32:29]} 5... O-O {
[%clk 1:32:44]} 6. Nf3 {[%clk 1:32:55]} 6... Nbd7 {[%clk 1:33:10]} 7. O-O {
[%clk 1:33:12]} 7... e5 {[%clk 1:33:38]} 8. Be3 {[%clk 1:33:34]} 8... Ng4 {
[%clk 1:32:40]} 9. Bg5 {[%clk 1:34:02]} 9... f6 {[%clk 1:32:58]} 10. Bd2 {
[%clk 1:34:22]} 10... Nh6 {[%clk 1:33:23]} 11. b4 {[%clk 1:34:22]} 11... f5 {
[%clk 1:30:35]} 12. d5 {[%clk 1:33:56]} 12... f4 {[%clk 1:30:58]} 13. h3 {
[%clk 1:32:15]} 13... g5 {[%clk 1:25:13]} 14. Nh2 {[%clk 1:32:15]} 14... Nf6 {
[%clk 1:25:13]} 15. Ng4 {[%clk 1:30:43]} 15... Nhxg4 {[%clk 1:23:02]} 16. Bxg4
{[%clk 1:31:09]} 16... Nxg4 {[%clk 1:23:02]} 17. hxg4 {[%clk 1:31:37]} 17... h5
{[%clk 1:23:19]} 18. gxh5 {[%clk 1:31:32]} 18... g4 {[%clk 1:23:46]} 19. f3 {
[%clk 1:23:57]} 19... g3 {[%clk 1:20:27]} 20. Re1 {[%clk 1:20:19]} 20... Qh4 {
[%clk 1:20:52]} 21. Kf1 {[%clk 1:19:03]} 21... Qh2 {[%clk 1:19:16]} 22. Ke2 {
[%clk 1:14:39]} 22... Qxg2+ {[%clk 1:19:22]} 23. Kd3 {[%clk 1:15:07]} 23... Bh6
{[%clk 1:17:52]} 24. Qe2 {[%clk 1:11:39]} 24... Qxe2+ 25. Nxe2 {[%clk 1:06:24]}
25... Kg7 {[%clk 1:14:47]} 26. Rg1 {[%clk 1:04:04]} 26... Bd7 {[%clk 1:14:18]}
27. Nxg3 {[%clk 0:58:24]} 27... fxg3 {[%clk 1:14:44]} 28. Rxg3+ {[%clk 0:58:51]
} 28... Kh7 {[%clk 1:15:10]} 29. Bxh6 {[%clk 0:58:55]} 29... Kxh6 { [%clk
1:15:36]} 30. Rag1 {[%clk 0:54:17]} 30... Rf7 {[%clk 1:15:49]} 31. Rg6+ { [%clk
0:53:03]} 31... Kh7 {[%clk 1:15:56]} 32. h6 {[%clk 0:52:53]} 32... Raf8 { [%clk
1:14:47]} 33. Rg7+ {[%clk 0:51:40]} 33... Kxh6 {[%clk 1:11:58]} 34. R7g6+
{[%clk 0:49:33]} 34... Kh7 {[%clk 1:09:01]} 35. R6g2 {[%clk 0:45:28]} 35...
Rxf3+ {[%clk 1:09:23]} 36. Ke2 {[%clk 0:45:46]} 36... Bh3 {[%clk 1:07:44]} 37.
Rh1 {[%clk 0:41:39]} 37... Ra3 {[%clk 1:07:20]} 38. Ke1 {[%clk 0:41:57]} 38...
Rff3 {[%clk 1:07:24]} 39. Rhh2 {[%clk 0:40:51]} 39... Rae3+ {[%clk 1:06:56]}
40. Re2 {[%clk 0:41:04]} 40... Rxe2+ {[%clk 1:07:03]} 41. Rxe2 {[%clk 0:41:17]}
41... Kg6 {[%clk 1:06:57]} 42. c5 {[%clk 0:40:40]} 42... dxc5 {[%clk 1:06:27]}
43. bxc5 {[%clk 0:40:19]} 43... Rc3 {[%clk 1:06:50]} 0-1

[Event "DEM U14 2019"]
[Site "Willingen GER"]
[Date "2019.06.15"]
[Round "9"]
[White "Kolmykov, Egor"]
[Black "Rockmann, Enno"]
[Result "1/2-1/2"]
[Termination "normal"]
[Board "20"]
[WhiteElo "1592"]
[BlackElo "1527"]
[WhiteClock "01:01:20"]
[BlackClock "00:50:11"]
[PlyCount "42"]
[WhiteFideId "16244613"]
[BlackFideId "12982920"]
[EventCountry "GER"]
[EventRounds "9"]
[EventType "swiss"]
[EventDate "2019.06.08"]

1. e4 {[%clk 1:30:54]} 1... e6 {[%clk 1:30:58]} 2. d4 {[%clk 1:31:12]} 2... d5
{[%clk 1:31:26]} 3. e5 {[%clk 1:31:33]} 3... c5 {[%clk 1:31:52]} 4. c3 { [%clk
1:31:55]} 4... Nc6 {[%clk 1:32:02]} 5. Nf3 {[%clk 1:32:16]} 5... f6 { [%clk
1:31:26]} 6. exf6 {[%clk 1:30:45]} 6... Nxf6 {[%clk 1:31:49]} 7. Bd3 { [%clk
1:30:50]} 7... c4 {[%clk 1:31:38]} 8. Bc2 {[%clk 1:31:10]} 8... Bd6 { [%clk
1:32:02]} 9. O-O {[%clk 1:30:07]} 9... O-O {[%clk 1:32:21]} 10. Re1 { [%clk
1:28:34]} 10... Qc7 {[%clk 1:32:15]} 11. h3 {[%clk 1:27:15]} 11... e5 { [%clk
1:32:39]} 12. dxe5 {[%clk 1:18:56]} 12... Nxe5 {[%clk 1:33:00]} 13. Nbd2 {[%clk
1:17:50]} 13... Bd7 {[%clk 1:20:11]} 14. Nxe5 {[%clk 1:15:55]} 14... Bxe5
{[%clk 1:19:40]} 15. Nf3 {[%clk 1:16:14]} 15... Bd6 {[%clk 1:10:38]} 16. Bg5
{[%clk 1:15:24]} 16... Bc6 {[%clk 1:03:39]} 17. Nd4 {[%clk 1:14:52]} 17... Bc5
{[%clk 0:51:53]} 18. Ne6 {[%clk 1:04:47]} 18... Bxf2+ {[%clk 0:52:20]} 19. Kh1
{[%clk 1:03:45]} 19... Qg3 {[%clk 0:50:19]} 20. Bf4 {[%clk 1:01:58]} 20... Qh4
{[%clk 0:49:46]} 21. Bg5 {[%clk 1:01:20]} 21... Qg3 {[%clk 0:50:11]} 1/2-1/2

[Event "DEM U14 2019"]
[Site "Willingen GER"]
[Date "2019.06.15"]
[Round "9"]
[White "Wildermuth, Nikolas Karl"]
[Black "Seng, Alexander"]
[Result "1/2-1/2"]
[Termination "normal"]
[Board "21"]
[WhiteElo "1630"]
[BlackElo "1505"]
[WhiteClock "00:52:35"]
[BlackClock "00:55:56"]
[PlyCount "42"]
[WhiteFideId "16244699"]
[BlackFideId "16230990"]
[EventCountry "GER"]
[EventRounds "9"]
[EventType "swiss"]
[EventDate "2019.06.08"]

1. e4 {[%clk 1:30:57]} 1... c5 {[%clk 1:30:49]} 2. d4 {[%clk 1:31:10]} 2...
cxd4 {[%clk 1:31:05]} 3. c3 {[%clk 1:31:31]} 3... Nc6 {[%clk 1:28:43]} 4. cxd4
{[%clk 1:31:12]} 4... e6 {[%clk 1:27:28]} 5. Nf3 {[%clk 1:29:23]} 5... Nf6 {
[%clk 1:27:39]} 6. Nc3 {[%clk 1:28:14]} 6... a6 7. a4 {[%clk 1:21:54]} 7... d5
{[%clk 1:21:30]} 8. e5 {[%clk 1:20:51]} 8... Ne4 {[%clk 1:19:38]} 9. Bd3 {
[%clk 1:18:34]} 9... Bb4 {[%clk 1:19:10]} 10. Bd2 {[%clk 1:17:35]} 10... Nxd2 {
[%clk 1:18:11]} 11. Qxd2 {[%clk 1:17:47]} 11... Qa5 {[%clk 1:16:56]} 12. O-O {
[%clk 1:12:30]} 12... Ne7 {[%clk 1:15:38]} 13. Rfc1 {[%clk 1:10:15]} 13... Bd7
{[%clk 1:15:38]} 14. Qd1 {[%clk 1:05:44]} 14... O-O {[%clk 1:15:01]} 15. h4 {
[%clk 1:01:22]} 15... Rac8 {[%clk 1:11:12]} 16. Qb3 {[%clk 0:58:12]} 16... Rc7
{[%clk 1:07:42]} 17. Na2 {[%clk 0:55:08]} 17... Rxc1+ 18. Rxc1 {[%clk 0:55:15]}
18... Nc6 {[%clk 0:55:55]} 19. Rxc6 {[%clk 0:54:42]} 19... Bxc6 {[%clk 0:56:18]
} 20. Qxb4 {[%clk 0:52:53]} 20... Qxa4 {[%clk 0:55:45]} 21. Qxa4 { [%clk
0:52:35]} 21... Bxa4 {[%clk 0:55:56]} 1/2-1/2